[Event "GER-chT North U14"]
[Site "Magdeburg"]
[Date "2014.09.13"]
[Round "6.3"]
[White "Hausdorf, Lars"]
[Black "Sinnhoefer, Jonas"]
[Result "1-0"]
[WhiteElo "1440"]
[BlackElo "1226"]
[PlyCount "101"]
[EventDate "2014.09.11"]
[EventType "team-swiss"]
[EventRounds "7"]
[EventCountry "GER"]
[SourceTitle "EXT 2016"]
[Source "ChessBase"]
[SourceDate "2015.10.08"]
[SourceVersion "1"]
[SourceVersionDate "2015.10.08"]
[SourceQuality "1"]
[WhiteTeam "Potsdam USV"]
[BlackTeam "Delmenhorst"]
[WhiteTeamCountry "GER"]
[BlackTeamCountry "GER"]

1. d4 d5 2. c4 c6 3. Nc3 Nf6 4. Nf3 dxc4 5. e4 b5 6. Bg5 Nbd7 7. Qc2 Qb6 8. Be2 e6 9. 0-0 Be7 10. a3 0-0 11. e5 Bxa3 12. bxa3 Nd5 13. Nxd5 cxd5 14. Rfb1 Bb7 15. Qb2 a6 16. a4 Bc6 17. Bd2 f6 18. exf6 Rxf6 19. Be3 Rff8 20. axb5 axb5 21. Qb4 Qc7 22. Qc3 Rxa1 23. Rxa1 Rb8 24. Qb4 Nf6 25. Ne5 Rb6 26. f3 Nd7 27. Nxc6 Qxc6 28. Bd2 Kf7 29. Bc3 Ke8 30. Qb2 Rb8 31. Ra5 Nb6 32. Rxb5 Kd7 33. Qb1 h6 34. Bd1 Kc7 35. Rc5 Qxc5 36. dxc5 Na4 37. Qxb8+ Kxb8 38. Bxa4 Kb7 39. Kf2 Ka6 40. Ke3 g5 41. Kd4 h5 42. Ke5 g4 43. fxg4 hxg4 44. Kxe6 d4 45. Bxd4 Ka5 46. c6 Kxa4 47. c7 c3 48. c8Q g3 49. Qb7 c2 50. Bc3 Ka3 51. Qb4+ 1-0

[Event "GER-chT North U14"]
[Site "Magdeburg"]
[Date "2014.09.11"]
[Round "2.3"]
[White "Hoppe, Andreas"]
[Black "Hausdorf, Lars"]
[Result "1/2-1/2"]
[WhiteElo "1724"]
[BlackElo "1440"]
[PlyCount "88"]
[EventDate "2014.09.11"]
[EventType "team-swiss"]
[EventRounds "7"]
[EventCountry "GER"]
[SourceTitle "EXT 2016"]
[Source "ChessBase"]
[SourceDate "2015.10.08"]
[SourceVersion "1"]
[SourceVersionDate "2015.10.08"]
[SourceQuality "1"]
[WhiteTeam "Hagen"]
[BlackTeam "Potsdam USV"]
[WhiteTeamCountry "GER"]
[BlackTeamCountry "GER"]

1. e4 e5 2. Bc4 Nc6 3. Nf3 Bc5 4. c3 Nf6 5. d3 a6 6. 0-0 0-0 7. Nbd2 d6 8. Bb3 Ba7 9. h3 Be6 10. Bc2 h6 11. Re1 Qd7 12. Nf1 Ne7 13. N3h2 Ng6 14. Ng3 c5 15. Be3 b5 16. a4 b4 17. c4 Z0 18. Nhf1 Bb6 19. Bd2 Qd8 20. Ne3 Ne7 21. Nd5 Bxd5 22. exd5 Re8 23. Qf3 Ba5 24. b3 Ng6 25. Ne4 Nxe4 26. Qxe4 Qf6 27. g3 Ne7 28. f4 Nf5 29. Kg2 Nd4 30. Bd1 Bc7 31. Rf1 Qf5 32. Qxf5 Nxf5 33. fxe5 Rxe5 34. Bf4 Ne3+ 35. Kf2 Nxf1 36. Bxe5 dxe5 37. Kxf1 Re8 38. Bf3 g6 39. g4 Kg7 40. Ke2 f6 41. h4 Bd6 42. h5 g5 43. Be4 Rc8 44. Bf5 Re8 1/2-1/2

[Event "GER-chT North U12"]
[Site "Magdeburg"]
[Date "2013.09.13"]
[Round "3.3"]
[White "Huels, Maximilian"]
[Black "Hausdorf, Lars"]
[Result "1-0"]
[WhiteElo "1390"]
[BlackElo "1388"]
[PlyCount "47"]
[EventDate "2013.09.12"]
[EventType "team-swiss"]
[EventRounds "7"]
[EventCountry "GER"]
[SourceTitle "EXT 2014"]
[Source "ChessBase"]
[SourceDate "2013.11.20"]
[SourceVersion "1"]
[SourceVersionDate "2013.11.20"]
[SourceQuality "1"]
[WhiteTeam "Treptow"]
[BlackTeam "Potsdam"]
[WhiteTeamCountry "GER"]
[BlackTeamCountry "GER"]

1. e4 e5 2. Nf3 Nf6 3. Nc3 Nc6 4. d4 Bb4 5. d5 Ne7 6. Bd3 d6 7. a3 Ba5 8. 0-0 0-0 9. Ne2 Bb6 10. c4 a5 11. Bd2 Bg4 12. Ng3 Nd7 13. b4 axb4 14. axb4 f6 15. Be3 Bxe3 16. fxe3 Rxa1 17. Qxa1 Qa8 18. Nd2 Kh8 19. h3 Qxa1 20. Rxa1 Rb8 21. hxg4 c6 22. Nf5 Nxf5 23. gxf5 Nb6 24. g4 1-0

[Event "GER-ch U25 op-B"]
[Site "Oberhof"]
[Date "2013.05.25"]
[Round "9"]
[White "Hausdorf, Lars"]
[Black "Bajorski, Marius"]
[Result "1-0"]
[WhiteElo "1348"]
[BlackElo "1136"]
[PlyCount "98"]
[EventDate "2013.05.19"]
[EventType "swiss"]
[EventRounds "9"]
[EventCountry "GER"]
[SourceTitle "CBM 154 Extra"]
[Source "ChessBase"]
[SourceDate "2013.06.25"]
[SourceVersion "2"]
[SourceVersionDate "2013.06.25"]
[SourceQuality "1"]

1. e4 e5 2. Nf3 Nc6 3. Nc3 Nf6 4. a3 d5 5. Bb5 Bg4 6. d3 dxe4 7. dxe4 Qxd1+ 8. Kxd1 0-0-0+ 9. Ke1 Nd4 10. Nxd4 Rxd4 11. f3 Bh5 12. Be3 Rd8 13. Kf2 b6 14. Rhd1 Be7 15. b4 Rxd1 16. Rxd1 Rd8 17. Ba6+ Kb8 18. Rxd8+ Bxd8 19. Nd5 Nxd5 20. exd5 f6 21. c4 Bg6 22. Ke2 e4 23. f4 f5 24. Bd4 Bf6 25. Bxf6 gxf6 26. c5 Be8 27. Ke3 Bf7 28. d6 cxd6 29. cxd6 Be8 30. g4 Bd7 31. gxf5 Bxf5 32. h4 h5 33. Kd4 Ka8 34. Be2 Kb7 35. Kd5 Kc8 36. Bxh5 Kd7 37. Bd1 Bh7 38. Ba4+ Kd8 39. Bb5 f5 40. h5 Kc8 41. h6 Kd8 42. Ke5 a5 43. Kf6 e3 44. Kg7 e2 45. Bxe2 axb4 46. axb4 Ke8 47. Kxh7 Kf7 48. d7 b5 49. d8Q Ke6 1-0

[Event "GER-ch U25 op-B"]
[Site "Oberhof"]
[Date "2013.05.23"]
[Round "7"]
[White "Muedder, Melanie"]
[Black "Hausdorf, Lars"]
[Result "0-1"]
[WhiteElo "712"]
[BlackElo "1348"]
[PlyCount "72"]
[EventDate "2013.05.19"]
[EventType "swiss"]
[EventRounds "9"]
[EventCountry "GER"]
[SourceTitle "CBM 154 Extra"]
[Source "ChessBase"]
[SourceDate "2013.06.25"]
[SourceVersion "2"]
[SourceVersionDate "2013.06.25"]
[SourceQuality "1"]

1. e4 e5 2. Nf3 Nf6 3. Qe2 Nc6 4. Nc3 d6 5. d3 Bg4 6. Qe3 Bxf3 7. Qxf3 Nd4 8. Qd1 Be7 9. Be2 0-0 10. 0-0 c6 11. Be3 Nxe2+ 12. Qxe2 d5 13. Qf3 d4 14. Bd2 dxc3 15. bxc3 Qd7 16. Qg3 Qe6 17. Bh6 Nh5 18. Qf3 Qxh6 19. Qf5 Nf6 20. Qxe5 Rfe8 21. Qc7 Qd2 22. Qxb7 Qxc3 23. Rac1 Bf8 24. Rfe1 g6 25. e5 Nd5 26. h3 Nb6 27. f4 Bh6 28. g3 Bf8 29. g4 Qd4+ 30. Kg2 Qxf4 31. Qxc6 Rxe5 32. Rxe5 Qxe5 33. c4 Qe2+ 34. Kg3 Qe3+ 35. Kh4 Be7+ 36. g5 Qf4# 0-1

[Event "GER-ch U25 op-B"]
[Site "Oberhof"]
[Date "2013.05.22"]
[Round "6"]
[White "Hausdorf, Lars"]
[Black "Arnold, Leander"]
[Result "0-1"]
[WhiteElo "1348"]
[BlackElo "1435"]
[PlyCount "38"]
[EventDate "2013.05.19"]
[EventType "swiss"]
[EventRounds "9"]
[EventCountry "GER"]
[SourceTitle "CBM 154 Extra"]
[Source "ChessBase"]
[SourceDate "2013.06.25"]
[SourceVersion "2"]
[SourceVersionDate "2013.06.25"]
[SourceQuality "1"]

1. e4 e6 2. c4 d5 3. cxd5 exd5 4. exd5 Nf6 5. Nf3 Nxd5 6. Nc3 Be7 7. d4 0-0 8. Be2 Nc6 9. 0-0 Bf6 10. h3 Nde7 11. Be3 Be6 12. Qd2 Qd7 13. Rfd1 Rfd8 14. Ne4 Nd5 15. Nxf6+ Nxf6 16. Bb5 a6 17. Ne5 Qd6 18. Bxc6 bxc6 19. Bg5 Ne4 0-1

[Event "GER-ch U25 op-B"]
[Site "Oberhof"]
[Date "2013.05.19"]
[Round "2"]
[White "Silber, Kevin"]
[Black "Hausdorf, Lars"]
[Result "1/2-1/2"]
[WhiteElo "1542"]
[BlackElo "1348"]
[PlyCount "57"]
[EventDate "2013.05.19"]
[EventType "swiss"]
[EventRounds "9"]
[EventCountry "GER"]
[SourceTitle "CBM 154 Extra"]
[Source "ChessBase"]
[SourceDate "2013.06.25"]
[SourceVersion "2"]
[SourceVersionDate "2013.06.25"]
[SourceQuality "1"]

1. e4 e5 2. Nf3 Nf6 3. Bc4 Nc6 4. Ng5 d5 5. exd5 Na5 6. Bb3 Nxb3 7. axb3 Nxd5 8. d3 Be7 9. Ne4 0-0 10. 0-0 f5 11. Nec3 c6 12. Re1 Qc7 13. Qf3 Be6 14. Bd2 Nb4 15. Na3 Rad8 16. Qe2 Bf6 17. Rab1 Rd7 18. Na4 Nd5 19. c4 Nb6 20. Nc5 Re7 21. Bb4 Rd8 22. Nxb7 Qxb7 23. Bxe7 Qxe7 24. Rbc1 Nd7 25. Rcd1 a6 26. Nc2 c5 27. f4 Rb8 28. Na1 Rb6 29. g3 1/2-1/2

[Event "GER-chT North U12"]
[Site "Magdeburg"]
[Date "2012.09.08"]
[Round "5.2"]
[White "Hausdorf, Lars"]
[Black "Engel, Luis"]
[Result "0-1"]
[WhiteElo "1271"]
[BlackElo "1591"]
[PlyCount "40"]
[EventDate "2012.09.06"]
[EventType "team-swiss"]
[EventRounds "7"]
[EventCountry "GER"]
[SourceTitle "EXT 2015"]
[Source "ChessBase"]
[SourceDate "2014.11.20"]
[SourceVersion "1"]
[SourceVersionDate "2014.11.20"]
[SourceQuality "1"]
[WhiteTeam "Potsdam"]
[BlackTeam "Hamburger SK"]
[WhiteTeamCountry "GER"]
[BlackTeamCountry "GER"]

1. e4 c5 2. Nf3 d6 3. d4 cxd4 4. Nxd4 Nf6 5. Nc3 a6 6. Be2 e5 7. Nf3 Be6 8. 0-0 Be7 9. h3 h6 10. Be3 0-0 11. Qd2 Nbd7 12. b4 Qc7 13. Bd3 Nb6 14. Be2 Nc4 15. Bxc4 Qxc4 16. Qd3 Rac8 17. Bd2 Qc6 18. a3 Bc4 19. Qe3 Bxf1 20. Rxf1 Bd8 0-1

[Event "GER-ch U10"]
[Site "Oberhof"]
[Date "2011.06.17"]
[Round "10"]
[White "Hausdorf, Lars"]
[Black "Moeller, Lisa Marie"]
[Result "1/2-1/2"]
[WhiteElo "1198"]
[BlackElo "1069"]
[PlyCount "34"]
[EventDate "2011.06.11"]
[EventType "swiss"]
[EventRounds "11"]
[EventCountry "GER"]
[SourceTitle "CBM 142 Extra"]
[Source "ChessBase"]
[SourceDate "2011.06.27"]
[SourceVersion "1"]
[SourceVersionDate "2011.06.27"]
[SourceQuality "1"]

1. e4 c5 2. Nf3 a6 3. Nc3 b5 4. d4 cxd4 5. Nxd4 Bb7 6. Bd3 Nc6 7. Be3 Nf6 8. f3 g6 9. 0-0 Bg7 10. Qd2 0-0 11. Nxc6 Bxc6 12. Bh6 Rc8 13. Bxg7 Kxg7 14. Be2 Qb6+ 15. Kh1 d6 16. a3 Rfd8 17. Qf4 e6 1/2-1/2

[Event "GER-ch U10"]
[Site "Oberhof"]
[Date "2011.06.17"]
[Round "9"]
[White "Merx, Florian"]
[Black "Hausdorf, Lars"]
[Result "1/2-1/2"]
[WhiteElo "1035"]
[BlackElo "1198"]
[PlyCount "45"]
[EventDate "2011.06.11"]
[EventType "swiss"]
[EventRounds "11"]
[EventCountry "GER"]
[SourceTitle "CBM 142 Extra"]
[Source "ChessBase"]
[SourceDate "2011.06.27"]
[SourceVersion "1"]
[SourceVersionDate "2011.06.27"]
[SourceQuality "1"]

1. e4 e5 2. Nf3 Nf6 3. Nxe5 d6 4. Nf3 Nxe4 5. Nc3 Nf6 6. Bc4 Be7 7. d3 Bg4 8. h3 Bh5 9. Bf4 Nc6 10. Qd2 Bxf3 11. gxf3 Qd7 12. 0-0-0 d5 13. Bb3 0-0-0 14. d4 Bb4 15. Rde1 Rhe8 16. Rxe8 Rxe8 17. a3 Ba5 18. Ba4 Qe6 19. Qd3 Bb6 20. Nb5 a6 21. Nc3 Re7 22. Be3 h6 23. Kb1 1/2-1/2

[Event "GER-ch U10"]
[Site "Oberhof"]
[Date "2011.06.15"]
[Round "7"]
[White "Wurst, Maximilian"]
[Black "Hausdorf, Lars"]
[Result "1-0"]
[WhiteElo "964"]
[BlackElo "1198"]
[PlyCount "151"]
[EventDate "2011.06.11"]
[EventType "swiss"]
[EventRounds "11"]
[EventCountry "GER"]
[SourceTitle "CBM 142 Extra"]
[Source "ChessBase"]
[SourceDate "2011.06.27"]
[SourceVersion "1"]
[SourceVersionDate "2011.06.27"]
[SourceQuality "1"]

1. e4 e5 2. Nf3 Nf6 3. Nxe5 d6 4. Nf3 Nxe4 5. Nc3 Nxc3 6. dxc3 Bg4 7. Bc4 Qe7+ 8. Be3 Nc6 9. 0-0 0-0-0 10. Re1 Qd7 11. Bd5 Ne5 12. Nxe5 Bxd1 13. Nxd7 Bxc2 14. Nxf8 Rhxf8 15. Bd4 f6 16. h3 c6 17. Be6+ Kb8 18. Bg4 Bg6 19. Be3 h5 20. Bf3 Bf7 21. a3 d5 22. Bf4+ Ka8 23. Re7 g5 24. Be3 Kb8 25. Bd4 Bg6 26. Rg7 Be8 27. Rh7 h4 28. Bc5 Rg8 29. Be7 Rd7 30. Re1 Ka8 31. Bg4 Rc7 32. Bf5 a6 33. Bxf6 Rxh7 34. Bxh7 Rf8 35. Bxg5 Bd7 36. Re7 Bf5 37. Bxf5 Rxf5 38. Be3 Rf8 39. Bd4 Rg8 40. f4 Kb8 41. f5 Rf8 42. f6 Kc8 43. b4 a5 44. bxa5 c5 45. Bxc5 Rxf6 46. Bb4 Rc6 47. Rh7 Rc4 48. Rh5 Kc7 49. Rxd5 Kb8 50. Rc5 Rf4 51. Rb5 Ka7 52. Bc5+ Ka8 53. Rb4 Rf5 54. Bb6 Rh5 55. Rd4 Rh8 56. Rd8+ Rxd8 57. Bxd8 Ka7 58. Bb6+ Ka6 59. Kf2 Kb5 60. Kf3 Kc4 61. Kg4 Kxc3 62. Kxh4 Kc4 63. g4 Kd5 64. g5 Ke6 65. Kh5 Kf7 66. h4 Kg7 67. g6 Kf8 68. Kh6 Kg8 69. g7 Kf7 70. Kh7 Ke6 71. g8Q+ Ke5 72. Qd8 Ke6 73. h5 Kf5 74. Qe7 Kf4 75. h6 Kf5 76. Kg7 1-0

[Event "GER-ch U10"]
[Site "Oberhof"]
[Date "2011.06.14"]
[Round "5"]
[White "Flach, Helene"]
[Black "Hausdorf, Lars"]
[Result "0-1"]
[WhiteElo "849"]
[BlackElo "1198"]
[PlyCount "110"]
[EventDate "2011.06.11"]
[EventType "swiss"]
[EventRounds "11"]
[EventCountry "GER"]
[SourceTitle "CBM 142 Extra"]
[Source "ChessBase"]
[SourceDate "2011.06.27"]
[SourceVersion "1"]
[SourceVersionDate "2011.06.27"]
[SourceQuality "1"]

1. e4 e5 2. Nf3 Nf6 3. Nc3 Nc6 4. Bb5 Bb4 5. 0-0 0-0 6. d3 d6 7. Bg5 Bxc3 8. bxc3 Bg4 9. Bxf6 Qxf6 10. Rb1 Qg6 11. Kh1 Ne7 12. h3 Qh5 13. Kg1 Bxf3 14. Qxf3 Qxf3 15. gxf3 f5 16. Bc4+ Kh8 17. Rxb7 Rfc8 18. Be6 Rf8 19. Rxc7 Ng6 20. exf5 Nf4 21. Kh2 Nxe6 22. fxe6 Rfe8 23. Rg1 g6 24. Rg4 Rxe6 25. f4 e4 26. f5 gxf5 27. Rgg7 Rh6 28. Kg3 Rg8 29. Kf4 Rxg7 30. Rc6 exd3 31. cxd3 Rf6 32. d4 h6 33. c4 Kh7 34. c5 Rd7 35. cxd6 Rfxd6 36. Rc5 Rxd4+ 37. Kxf5 R7d5+ 38. Rxd5 Rxd5+ 39. Kg4 Rd2 40. f4 Rxa2 41. Kf5 Ra6 42. Ke5 Rb6 43. f5 Kg7 44. Kd5 Kf6 45. Kc5 a5 46. Kxb6 a4 47. Kc5 a3 48. Kd4 a2 49. Ke4 a1Q 50. Kf4 Qd4+ 51. Kf3 Kxf5 52. Ke2 Ke4 53. Ke1 Qb2 54. h4 Ke3 55. Kd1 Qb1# 0-1